Lò nấu gang /
সংরক্ষণ করুন:
| প্রধান লেখক: | |
|---|---|
| বিন্যাস: | গ্রন্থ |
| ভাষা: | Vietnamese |
| প্রকাশিত: |
Hanoi. :
Công ty quảng cáo Sài Gòn ,
1962
|
| সংস্করন: | In lần thứ 1 |
| বিষয়গুলি: | |
| ট্যাগগুলো: |
ট্যাগ যুক্ত করুন
কোনো ট্যাগ নেই, প্রথমজন হিসাবে ট্যাগ করুন!
|
| Thư viện lưu trữ: | Thư viện Trường CĐ Kỹ Thuật Cao Thắng |
|---|
| LEADER | 00670nam a2200205 a 4500 | ||
|---|---|---|---|
| 001 | TVCDKTCT739 | ||
| 003 | Thư viện trường Cao đẳng Kỹ thuật Cao Thắng | ||
| 005 | 20050803000000 | ||
| 008 | 050803 | ||
| 980 | \ | \ | |a Thư viện Trường CĐ Kỹ Thuật Cao Thắng |
| 024 | |a RG_1 #1 eb0 i1 | ||
| 041 | 0 | # | |a vie |
| 082 | # | # | |a 669.8 / |b TR312H-l |
| 100 | 1 | # | |a Trịnh Ngọc Hữu, |e Người dịch |
| 245 | 0 | 0 | |a Lò nấu gang / |c Trịnh Ngọc Hữu |
| 250 | # | # | |a In lần thứ 1 |
| 260 | # | # | |a Hanoi. : |b Công ty quảng cáo Sài Gòn , |c 1962 |
| 300 | # | # | |a 243tr. ; |c 17cm |
| 650 | # | 4 | |a Cơ khí |
| 650 | # | 4 | |a Luyện kim--Lò gang |